ARRUPE JESUIT UNIVERSITY

CORONAVIRUS -STOP THE SPREAD - CLEAN,DISINFECT,COVER

Nehru on world history (Record no. 304)

MARC details
000 -LEADER
fixed length control field 00454nam a2200193Ia 4500
003 - CONTROL NUMBER IDENTIFIER
control field 0100
008 - FIXED-LENGTH DATA ELEMENTS--GENERAL INFORMATION
fixed length control field 130227s9999 xx 000 0 und d
040 ## - CATALOGING SOURCE
Transcribing agency ARRUPELIB
050 ## - LIBRARY OF CONGRESS CALL NUMBER
Classification number D21.N42 1960
100 ## - MAIN ENTRY--PERSONAL NAME
Personal name Nehru, Jawaharlal
245 ## - TITLE STATEMENT
Title Nehru on world history
260 ## - PUBLICATION, DISTRIBUTION, ETC. (IMPRINT)
Place of publication, distribution, etc Bloomington
260 ## - PUBLICATION, DISTRIBUTION, ETC. (IMPRINT)
Name of publisher, distributor, etc Indiana University Press
260 ## - PUBLICATION, DISTRIBUTION, ETC. (IMPRINT)
-- 1960
300 ## - PHYSICAL DESCRIPTION
Extent xvi
300 ## - PHYSICAL DESCRIPTION
Other physical details 304p 20cm
700 ## - ADDED ENTRY--PERSONAL NAME
Personal name Padover, Saul Kussiel (ed)
942 ## - ADDED ENTRY ELEMENTS (KOHA)
Source of classification or shelving scheme Library of Congress Classification
Koha issues (borrowed), all copies 5
Holdings
Withdrawn status Lost status Source of classification or shelving scheme Damaged status Not for loan Collection code Home library Current library Shelving location Date acquired Total Checkouts Full call number Barcode Date last seen Date last borrowed Copy number Price effective from Koha item type
    Library of Congress Classification     Main Collection ARRUPE LIBRARY ARRUPE LIBRARY   27/02/2013 7 D21.N42 1960 46400585 15/02/2019 11/02/2019 1 27/02/2013 Monograph ( Printed materials)

 

Arrupe Library. PO Box MP320 Mt Pleasant, Harare, Zimbabwe
263 242 745411|librarian@aju.ac.zw